| 000 | 005530000a22001810004500 | ||
|---|---|---|---|
| 003 | MACL | ||
| 005 | 20160518161215.0 | ||
| 008 | 160518b xxu||||| |||| 00| 0 eng d | ||
| 040 |
_aMACL _cMACL |
||
| 041 | _aHindi | ||
| 082 | _a891.433 | ||
| 100 |
_aजांगिड, मेजर रतन _957994 |
||
| 245 |
_aसोई माटी जाग _cमेजर रतन जांगिड |
||
| 260 |
_bसाहित्यागार _c2007 _aजयपुर |
||
| 350 | _a160 | ||
| 650 |
_aStory _958030 |
||
| 942 |
_cHIN _k891.433/JAN _2ddc |
||
| 999 |
_c41627 _d41627 |
||